1392 1302 1788 1596 1055 1308 1130 1011 1681 1192 1971 1409 1109 1653 1296 1244 1626 1691 1154 1759 1757 1025 1887 1145 1212 1811 1480 1207 1611 1308 1924 1594 1099 1963 1571 1464 1789 1215 1526 1242 1698 1921 1273 1767 1990 1791 1628 1463 1670 1982 1147 1569 1934 1611 1143 1197 1907 1018 1246 1064 1861 1148 1239 1216 1036 1149 1643 1119 1502 1036 1585 1487 1351 1671 1291 1833 1590 1641 1593 1738 1055 1814 1606 1274 1665 1754 1544 1740 1746 1493 1146 1188 1307 1565 1686 1530 1191 1438 1277 BCNSPRNW ULIB Ver.6.0+V

เปลี่ยนเป็นภาษาไทย

Change to English
 แสดงรายละเอียดบรรณานุกรม
  กลับหน้าหลัก

Brief Record : Get Marc (ISO 2709) : E-mail record : QR code < ปิดหน้าต่าง
LEADER : 00000nam 2200000uu 4500
001    13399114235
003     ULIB
008    120305s2554||||th 000 0 tha d
020    ^a9789741114177
060 04 ^aWG205^bป476ภ
245 00 ^aภาวะฉุกเฉินระบบหัวใจและหลอดเลือด =^bCardiac emergencies /^cประดิษฐ์ ปัญจวีณิน,บรรณาธิการ
246 31 ^aCardiac emergencies
250    ^aพิมพ์ครั้งที่ 1
260    ^aกรุงเทพฯ :^bสาขาวิชาหทัยวิทยา ภาควิชาอายุรศาสตร์ และศูนย์โรคหัวใจสมเด็จพระบรมราชินีนาถ,^c2554
300    ^a347 หน้า :^bภาพประกอบ ;^c21 ซม.
650  7 ^aหัวใจ, ศัลยกรรม
650  7 ^aภาวะฉุกเฉิน
653    ^aผลงานอาจารย์คณะแพทยศาสตร์ศิริราชพยาบาล
700 0  ^aประดิษฐ์ ปัญจวีณิน,^eบรรณาธิการ
700 0  ^aรุ่งโรจน์ กฤตยพงษ์,^eบรรณาธิการ
700 0  ^aเรวัตร พันธุ์กิ่งทองคำ,^eบรรณาธิการ
710 2  ^aมหาวิทยาลัยมหิดล. ^bคณะแพทยศาสตร์ศิริราชพยาบาล.
710 2  ^aมหาวิทยาลัยมหิดล. ^bคณะแพทยศาสตร์ศิริราชพยาบาล.
945    ^p275^l0^i18908
945    ^p275^l0^i18909
945    ^p275^l0^i18984
995    ^aกัณชพร
999 ^a ใช้งานได้ทุกระบบ
รายการนี้ยังไม่มีแท็ก
คุณยังไม่ได้ล็อกอิน คุณสามารถมีกิจกรรมร่วมกับเว็บไซต์ได้ แต่ต้องล็อกอินก่อน ::
  ล็อกอิน

รายการสื่อสารสนเทศ

ลำดับที่ ประเภท เลขเรียก/บาร์โค้ด สถานที่ สถานะ
1. วิทยาศาสตร์การแพทย์ และสุขภาพ
วิทยาศาสตร์การแพทย์ และสุขภาพ
สถานะ=หนังสือเก่า
WG205 ป476ภ ฉ.1 
  Barcode: 18908
ห้องสมุดวิทยาเขตนครสวรรค์
►ส่วนจัดเก็บหนังสือเก่า นว.
บนชั้น
  ขอยืม
2. วิทยาศาสตร์การแพทย์ และสุขภาพ
วิทยาศาสตร์การแพทย์ และสุขภาพ
สถานะ=หนังสือเก่า
WG205 ป476ภ ฉ.3 
  Barcode: 18984
ห้องสมุดวิทยาเขตนครสวรรค์
►ส่วนจัดเก็บหนังสือเก่า นว.
บนชั้น
  ขอยืม

รายการใกล้เคียง
    หัวเรื่อง [หัวใจ, ศัลยกรรม]
    หัวเรื่อง [ภาวะฉุกเฉิน]

BibComment


ยังไม่เคยถูกคอมเมนท์

คอมเมนท์ทรัพยากรรายการนี้
  คอมเมนท์: ภาวะฉุกเฉินระบบห..


 Copyright 2026. Bcnsprnw @Library